| 000 | 01018cam a22002538a 4500 | ||
|---|---|---|---|
| 001 | 14718804 | ||
| 005 | 20100216083022.0 | ||
| 008 | 070131r20092010ii |rb 001 0 eng | ||
| 020 | _a9788123917009 | ||
| 040 |
_aDLC _cDLC _dDLC |
||
| 050 | 0 | 0 |
_aTG340 _b.B3975 2007 |
| 082 | 0 | 0 |
_a624.2 _222 _bRAJ |
| 100 | 1 |
_aRaju ,N.Krishna. _918851 |
|
| 245 | 1 | 4 |
_aPrestressed Concrete Bridges / _cN. Krishna Raju |
| 260 |
_aNew Delhi: _bCBS Publishers, 2009 _c2009 |
||
| 300 |
_a363 p.: _bill. ; _c25 cm. |
||
| 504 | _aIncludes bibliographical references and index. | ||
| 650 | 0 |
_aConcrete bridges _xDesign and construction _923508 |
|
| 650 | 0 |
_aReinforced concrete construction. _917951 |
|
| 856 | 4 | 1 |
_3Table of contents only _uhttp://www.loc.gov/catdir/toc/ecip0710/2007004615.html |
| 942 |
_2ddc _cBB |
||
| 999 |
_c15226 _d15226 |
||